| 000 | 00575nam a2200181Ia 4500 | ||
|---|---|---|---|
| 005 | 20260429112040.0 | ||
| 008 | 260429s9999||||xx |||||||||||||| ||und|| | ||
| 020 | _a9789383931576 | ||
| 041 | _aHindi | ||
| 082 |
_a791.430 _bJAM |
||
| 100 | _aजमादार, ए. एच. | ||
| 245 | 0 |
_aभारतीय सिनेमा जगत / _cए. एच. जमादार |
|
| 250 | _a1st ed. | ||
| 260 |
_aदिल्ली : _bएकैडमिक पब्लिकेशन, _c2024. |
||
| 300 | _a239 p.; Hb | ||
| 650 | _aMotion picture - History | ||
| 942 | _cTB | ||
| 999 |
_c52077 _d52077 |
||